| 000 | 01149nam a2200325 a 4500 | ||
|---|---|---|---|
| 005 | 20191224041658.0 | ||
| 008 | 130724b1994 ck ||||| |||| 00| 0 spa d | ||
| 020 | _a9589543928 | ||
| 040 |
_aCO-BoIAVH _cCO-BoIAVH |
||
| 041 | _aspa | ||
| 044 | _ack | ||
| 082 |
_a597.908619 _bU76a |
||
| 100 | 1 | _aUribe-Hurtado, Cristina | |
| 245 | 1 | 0 | _aAnfibios y reptiles del llano |
| 260 |
_aBogotá: _bCristina Uribe Editores, _c1994. |
||
| 300 |
_a92 páginas. _bilustraciones a color _c17 cm. |
||
| 650 | 1 | 4 | _aFauna |
| 650 | 1 | 4 |
_aAnfibios _zLlanos Orientales (Colombia) |
| 650 | 1 | 4 |
_aReptiles _zLlanos Orientales (Colombia) |
| 650 | 1 | 4 |
_aTortugas _zLlanos Orientales (Colombia) |
| 650 | 1 | 4 |
_aLagartos _zLlanos Orientales (Colombia) |
| 650 | 1 | 4 |
_aSerpientes _zLlanos Orientales (Colombia) |
| 650 | 1 | 4 |
_aRanas _zLlanos Orientales (Colombia) |
| 650 | 1 | 4 |
_aSapos _zLlanos Orientales (Colombia) |
| 650 | 1 | 4 |
_aCecilias _zLlanos Orientales (Colombia) |
| 662 |
_aColombia _cOrinoquia |
||
| 662 |
_aVenezuela _cOrinoquia |
||
| 700 | 1 | _aCastro Herrera, Fernando | |
| 942 |
_cLIBRO _2ddc |
||
| 999 |
_c3094 _d3094 |
||